KOHA-Header-6

چراغ تلے (کھٹ مٹھے مضامین) (Record no. 13567)

000 -LEADER
fixed length control field 00412nam a22001337a 4500
020 ## - INTERNATIONAL STANDARD BOOK NUMBER
ISBN 969-419-018-5
082 ## - DEWEY DECIMAL CLASSIFICATION NUMBER
Classification number 808.85
Item number ی وس
100 ## - MAIN ENTRY--AUTHOR NAME
Personal name مشتاق احمد یوسفی
245 ## - TITLE STATEMENT
Title چراغ تلے (کھٹ مٹھے مضامین)
260 ## - PUBLICATION, DISTRIBUTION, ETC. (IMPRINT)
Place of publication کراچی
Name of publisher حوری نورانی مکتبہ دانیال
300 ## - PHYSICAL DESCRIPTION
Number of Pages ١٦٥ صفحات
650 ## - SUBJECT ADDED ENTRY--TOPICAL TERM
Topical Term Chiragh Tale, Mushtaq Ahmed Yousufi
942 ## - ADDED ENTRY ELEMENTS (KOHA)
Koha item type Books
Holdings
Withdrawn status Lost status Collection code Permanent Location Current Location Shelving location Date acquired Full call number Accession Number Koha item type
    Urdu Literature MAJU MAJU Shelf No.A12 2022-12-16 808.85 ی وس 10695 Books

Powered by Koha